00712cam a22002171 4500001001300000003000400013005001700017008004100034010001700075035001900092040004500111042001200156050002200168100003600190245010700226260003100333300004600364490005400410650001300464999001700477gs 35000147 DLC20260227111339.0780309s1935 xx 000 0 eng c ags 35000147  a(OCoLC)3701616 aLibrary, U.S. Geological SurveycOTdDLC apremarc00aQE129b.A2 no. 271 aMorse, William Clifford,d1874-10aGeologic conditions governing sites of bridges and other structures,cby William Clifford Morse, PH.D. a[University, Miss.]c1935. a[3]-19, [1] p. incl. illus., map.c23 cm.0 aMississippi. State geological survey. Bulletin 27 0aGeology. c27184d27184